00929 a2200229 4500001000700000020001500007040003200022090001300054100002000067245001000087260001900097300003200116362000900148490002200157520033100179650001000510650002800520650001600548942000700564952010900571999001900680126877 a1782350497 cEscola Canadense de Niteroi aR1 - PHI aPhillips, Sarah10aRocks aHertfordshire  a32 p.c4 x 0.3 x 6.8 inches0 a20110 aMini Encyclopedia aUsing dramatic photography, simple text and annotated diagrams, these books will fascinate and engage children as they learn about their favorite topics. With fun facts and a glossary of terms, children will enjoy exploring and discovering more about amazing animals, the human body, nature, weather - and life on our planet!  4aRocks 4aCuriosities and wonders 4aNon-Fiction cBK 00104070a80.1b80.1d2024-02-09l1oR1 - PHIpA07344r2024-05-29 12:29:57s2024-05-23w2024-02-09yBK c126877d126877